000 00398 a2200169 4500
001 73131
020 _a8526243020
040 _cAnchieta - Colégio São Paulo
100 _aGaravello, Tito Marcio
240 1 0 _aNovo Lições de Geografia
_lpor
245 1 0 _aNovo Lições de Geografia
300 _a191
362 0 _a2003
440 1 _aScipione
650 4 _aGeografia e viagens
942 _cBK
999 _c73131
_d73131